| Tag |
First Indicator |
Second Indicator |
Subfields |
| LEADER |
00000cgm a2200000Mi 4500 |
| 001 |
in00005602321 |
| 006 |
m o c |
| 007 |
cr |n||||||||a |
| 007 |
vz |za|z| |
| 008 |
210105s1990 tr 019 e o vneng d |
| 005 |
20241201234249.2 |
| 035 |
|
|
|a (OCoLC)on1255892237
|
| 040 |
|
|
|a ALSTP
|b eng
|e rda
|c ALSTP
|d OCLCO
|d OCLCF
|d OCLCO
|d OCLCL
|d OCLCQ
|
| 035 |
|
|
|a (OCoLC)1255892237
|
| 049 |
|
|
|a TXAM
|
| 245 |
0 |
0 |
|a UECS.
|n Tape 12.
|
| 246 |
3 |
|
|a Union of Eastern Caribbean States Tape 12
|
| 264 |
|
1 |
|a Trinidad and Tobago :
|b Banyan Archive,
|c 1990.
|
| 300 |
|
|
|a 1 online resource (19 minutes)
|
| 306 |
|
|
|a 001842
|
| 336 |
|
|
|a two-dimensional moving image
|b tdi
|2 rdacontent
|
| 337 |
|
|
|a computer
|b c
|2 rdamedia
|
| 337 |
|
|
|a video
|b v
|2 rdamedia
|
| 338 |
|
|
|a online resource
|b cr
|2 rdacarrier
|
| 347 |
|
|
|a video file
|2 rda
|
| 500 |
|
|
|a Title from resource description page (viewed May 14, 2021).
|
| 520 |
|
|
|a High shots of Kingstown, St. Vincent from hill and farmer hoeing his field. Interview with Mrs. Peacock, newspaper editor on the imperative of unity despite past failures. Interview with Reverend Bennett Primus, Chairman of the St. Vincent Christian Council about whether unity of UECS will work and about reasons why it should proceed (part two).
|
| 546 |
|
|
|a In English.
|
| 650 |
|
0 |
|a Social integration
|z Caribbean Area.
|
| 651 |
|
0 |
|a Caribbean Area
|x Politics and government.
|
| 651 |
|
0 |
|a Caribbean Area
|x Economic conditions.
|
| 650 |
|
0 |
|a Social integration
|x Religious aspects.
|
| 651 |
|
0 |
|a Kingstown (Saint Vincent and the Grenadines)
|
| 651 |
|
0 |
|a Saint Vincent and the Grenadines
|x Economic conditions.
|
| 650 |
|
6 |
|a Intégration sociale
|z Caraïbes (Région)
|
| 651 |
|
6 |
|a Caraïbes (Région)
|x Politique et gouvernement.
|
| 651 |
|
6 |
|a Caraïbes (Région)
|x Conditions économiques.
|
| 650 |
|
6 |
|a Intégration sociale
|x Aspect religieux.
|
| 650 |
|
7 |
|a Economic history.
|2 fast
|0 (OCoLC)fst00901974
|
| 650 |
|
7 |
|a Politics and government.
|2 fast
|0 (OCoLC)fst01919741
|
| 650 |
|
7 |
|a Social integration.
|2 fast
|0 (OCoLC)fst01122550
|
| 650 |
|
7 |
|a Social integration
|x Religious aspects.
|2 fast
|0 (OCoLC)fst01122555
|
| 651 |
|
7 |
|a Caribbean Area.
|2 fast
|0 (OCoLC)fst01244080
|
| 651 |
|
7 |
|a Saint Vincent and the Grenadines.
|2 fast
|0 (OCoLC)fst01221750
|1 https://id.oclc.org/worldcat/entity/E39PBJdgWp8fYqxGyTpvVWPbBP
|
| 651 |
|
7 |
|a Saint Vincent and the Grenadines
|z Kingstown.
|2 fast
|0 (OCoLC)fst01310016
|1 https://id.oclc.org/worldcat/entity/E39PBJqBr9yP33mH8m9JRX9v73
|
| 655 |
|
7 |
|a Documentary films.
|2 fast
|0 (OCoLC)fst01710390
|
| 655 |
|
7 |
|a Documentary films.
|2 lcgft
|
| 655 |
|
7 |
|a Documentaires.
|2 rvmgf
|
| 710 |
2 |
|
|a Banyan Ltd.,
|e production company.
|
| 710 |
2 |
|
|a Banyan Archives,
|e publisher.
|
| 856 |
4 |
0 |
|u http://proxy.library.tamu.edu/login?url=https://www.aspresolver.com/aspresolver.asp?MARC;3267649
|z Connect to this streaming video (Alexander Street Press)
|t 0
|
| 955 |
|
|
|a Alexander Street Press subscription streaming video
|
| 994 |
|
|
|a 92
|b TXA
|
| 999 |
f |
f |
|s e4d4343e-1b82-4383-a434-e0e01826b489
|i 8946fb90-e3ab-4d65-a545-c16c02592326
|t 0
|
| 952 |
f |
f |
|a Texas A&M University
|b College Station
|c Electronic Resources
|d Available Online
|t 0
|h Library of Congress classification
|
| 998 |
f |
f |
|t 0
|l Available Online
|